Νεανική παραβατικότητα & αντεγκληματική πολιτική : πρότυπα μεταχείρισης και κοινωνικός έλεγχος, συγκριτική ανάλυση δεδομένων υπηρεσιών επιμελητών ανηλίκων, αντιμετώπιση από το σύστημα ποινικής δικαιοσύνης

Αποθηκεύτηκε σε:
Λεπτομέρειες βιβλιογραφικής εγγραφής
Κύριος συγγραφέας: Γασπαρινάτου, Μαργαρίτα
Άλλοι συγγραφείς: Βιδάλη, Σοφία (Συγγραφέας εισαγωγής κ.λπ.)
Μορφή: Βιβλίο
Γλώσσα:Greek
Δημοσίευση: Αθήνα : Νομική Βιβλιοθήκη, c2020.
Θέματα:
Ετικέτες: Προσθήκη ετικέτας
Δεν υπάρχουν, Καταχωρήστε ετικέτα πρώτοι!

MARC

LEADER 00000cam a2200000 a 4500
001 1/125039
008 220610s2020####gr | ||| |||| ||gre||
020 |a 9789606541018 
040 |a GR-MyUa  |b gre  |c GR-MyUa  |e AACR2 
041 0 |a gre 
082 7 |a 364.36   |2 (23) 
100 1 |a Γασπαρινάτου, Μαργαρίτα. 
245 1 0 |a Νεανική παραβατικότητα & αντεγκληματική πολιτική :   |b πρότυπα μεταχείρισης και κοινωνικός έλεγχος, συγκριτική ανάλυση δεδομένων υπηρεσιών επιμελητών ανηλίκων, αντιμετώπιση από το σύστημα ποινικής δικαιοσύνης /   |c Μαργαρίτα Γασπαρινάτου ; πρόλογος Σοφία Βιδάλη.  
260 |a Αθήνα :   |b Νομική Βιβλιοθήκη,   |c c2020.  
300 |a 672 σ. ;   |c 24 εκ.  
504 |a Βιβλιογραφία: σ. 627-665. Ευρετήρια.  
650 0 |a Juvenile delinquency  |z Greece. 
650 0 |a Legal assistance to juvenile delinquents  |z Greece. 
700 1 |a Βιδάλη, Σοφία,  |e aui 
852 |a INST  |b LESVOS  |c EUDOXUS  |e 20220610  |h 364.36 ΓΑΣ  |p 005100063448  |q 005100063448  |t EDX  |y 0 
920 |a Εύδοξος  |b Παραγγελία  |y Λέσβος-ΤΚ  |z 2022-05 
970 |a Καμάτσου  |b Δέσποινα  |z 10-06-2022